000 00276nam a2200121Ia 4500
008 191201s2008 xx 000 0 und d
100 _aOBRIEN, Thomas
245 0 _aInternational Finance
260 _aN. delhi
_bOxford
_c2008
300 _a302
650 _aMBA
942 _2ddc
_cBK
999 _c160
_d160